000 00262nam a2200109Ia 4500
008 190906s9999||||xx |||||||||||||| ||und||
100 _a Barton A. Weitz
245 0 _aRetailing Management
260 _aNew york
_bPrentice Hall
_c2001
300 _a754
942 _cBK
999 _c6016
_d6016